La gestión de la tecnología en la educación superior: estrategias para transformar la enseñanza y el aprendizaje

Sparad:
Bibliografiska uppgifter
Huvudupphovsmän: Bates, A. W (Författare, medförfattare), Bates, Tony (Författare, medförfattare)
Materialtyp: Bok
Språk:spanska
Publicerad: Barcelona Octaedro 2012
Upplaga:1a. ed
Serie:Educación Universitaria
Ämnen:
Taggar: Lägg till en tagg
Inga taggar, Lägg till första taggen!

MARC

LEADER 00000cam a2200000 a 4500
001 UCF9861
003 CL-VaPUC
008 131220e20120000sp |||||||||||||||||spa|d
020 |a 9788499213019 
082 0 4 |a 378.1734  |b BAT  |2 21 
100 0 |a Bates, A. W  |e author  |9 572297 
700 0 |a Bates, Tony  |e author  |9 572298 
245 1 3 |a La gestión de la tecnología en la educación superior: estrategias para transformar la enseñanza y el aprendizaje 
250 |a 1a. ed 
300 |a 303 p 
942 |c BK 
945 |d 20131220 10:31:00  |a cmena 
260 |a Barcelona  |b Octaedro  |c 2012 
650 0 |a Educación superior   |9 223851 
650 0 |a Innovaciones pedagógicas  |9 307471 
650 0 |a Métodos de enseñanza  |9 270413 
650 0 |a Aplicaciones de computadores  |9 260401 
650 7 |a DESARROLLO TECNOLOGICO  |2 CL-VaPUC  |9 259800 
583 |a last modification  |c 20131220 10:31:00  |k Rodrigo Vera 
490 0 |a Educación Universitaria 
999 |c 354249  |d 354247 
952 |0 0  |1 0  |3 erb  |4 0  |6 378_173400000000000_BAT_2012  |7 0  |8 A  |9 459996  |a BIBEDU  |b BIBEDU  |i 5035759  |o 378.1734 BAT 2012  |p 5035759  |r 2019-11-23  |w 2019-11-23  |y BK  |z Catalogado en:20131220  |k EPE